00590nam a22002057a 450000500170000001000110001702000100002803500110003803700160004904000120006508200160007710000190009324500790011226000430019127000460023430000230028050000410030365000170034465000230036120170124110129.0 a857076 c50.00 a857076 bCen Lib/Ret aDPLbEN a631.16bBAN aBanerjee, P.K. aIndian agriculture economy :cby P.K. Banerjee bfinancial small farmers / aNew Delhi bChetna Publications c1977 a11052 east park road bNew Delhi e110025 av, 200p.c21cm(Hb) aIncludes bibliographical references  aAgriculture  aFinancial economy